Ya Allah, Aku Rindu Kepada-Mu

Bibliographic Details
Main Authors: Asma' Harun Ustazah (Author), Dwi Suwiknyo , Ustaz (Author)
Other Authors: Noor Ashikin Mohamad Yusuf (Editor)
Format: Book
Language:Malay
Published: Batu Caves, Selangor : PTS PUBLISHING HOUSE SENDIRIAN BERHAD 2020
Edition:First edition
Subjects:

MARC

LEADER 00000cam a2200000 7i4500
001 0000029656
005 20241128.0
008 211230 my a may
020 |a 9789674813796 
040 |a INS   |b eng   |e rda 
090 0 0 |a BP188   |b .A856 2020 
100 0 |a Asma' Harun   |c Ustazah ,   |e author 
245 1 0 |a Ya Allah, Aku Rindu Kepada-Mu   |c USTAZAH ASMA HARUN & DWI SUWIKNYO ; Editor: Noor Ashikin Binti Mohamad Yusuf 
250 |a First edition 
264 1 |a Batu Caves, Selangor :   |b PTS PUBLISHING HOUSE SENDIRIAN BERHAD   |c 2020 
264 4 |c ©2020 
300 |a xvi, 192 pages :   |b colour illustrations ;   |c 20 cm. 
336 |a text  |2 rdacontent 
337 |a unmediated  |2 rdamedia 
338 |a volume  |2 rdacarrier 
650 0 |a Motivation (Psychology)   |x Religious aspects   |x Islam 
650 0 |a Religious life   |x islam 
700 0 |a Dwi Suwiknyo ,   |c Ustaz ,   |e author 
700 0 |a Noor Ashikin Mohamad Yusuf ,   |e editor 
999 |a 1000004387   |b BOOK   |c Open Shelf   |e Default branch